1443 1532 1914 1448 1140 1603 1607 1266 1982 1525 1445 1647 1589 1361 1165 1170 1987 1351 1305 1203 1715 1218 1141 1329 1758 1669 1382 1787 1674 1100 1300 1446 1973 1187 1596 1724 1197 1633 1426 1461 1817 1387 1444 1171 1322 1958 1542 1910 1200 1793 1487 1108 1458 1022 1702 1068 1612 1718 1629 1174 1160 1573 1535 1217 1579 1532 1526 1750 1381 1869 1255 1602 1391 1924 1209 1971 1229 1072 1025 1499 1299 1671 1672 1810 1193 1135 1614 1315 1057 1025 1336 1637 1540 1329 1999 1170 1861 1123 1262 BCNSPRNW ULIB Ver.6.0+V

เปลี่ยนเป็นภาษาไทย

Change to English
 แสดงรายละเอียดบรรณานุกรม
  กลับหน้าหลัก

Brief Record : Get Marc (ISO 2709) : E-mail record : QR code < ปิดหน้าต่าง
LEADER : 00000nam 2200000uu 4500
001    13399127473
003     ULIB
008    200604s||||||||th 000 0 tha d
020    ^a9781506256375 (pbk.)
050  4 ^aPE1128^bL887Bi
100 1  ^aLougheed, Lin,^d1946-
245 10 ^aBarron s IELTS :^binternational English Language TestingSystem /^cLin Lougheed
246 30 ^aIELTS :^bInternational English Language Testing System
246 30 ^aInternational English Language Testing System
250    ^a5th ed.
260    ^aHauppauge, N.Y. :^bKaplan/Barron s Educational Series,^c2019
300    ^avi, 529 p. :^bill. ;^c28 cm.
505 0  ^aIntroduction -- Preparing for IELTS -- Listening module --Reading module -- Wriiting module -- Speaking module --IELTS model tests -- Audioscripts
650  0 ^aInternational English Language Testing System^vStudyguides
650  0 ^aEnglish language^vTextbooks for foreign speakers
650  0 ^aEnglish language^xExaminations^vStudy guides
653    ^aIELTS
945    ^p0^l0^i28379
999    ^aกัณชพร จุลอักษร
รายการนี้ยังไม่มีแท็ก
คุณยังไม่ได้ล็อกอิน คุณสามารถมีกิจกรรมร่วมกับเว็บไซต์ได้ แต่ต้องล็อกอินก่อน ::
  ล็อกอิน

รายการสื่อสารสนเทศ

ลำดับที่ ประเภท เลขเรียก/บาร์โค้ด สถานที่ สถานะ
1. หนังสือสำรอง
หนังสือสำรอง
PE1128 L887Bi ฉ.1 
  Barcode: 28379
ห้องสมุดวิทยาเขตนครสวรรค์
►หนังสือทั่วไป:l:General Books
บนชั้น

BibComment


ยังไม่เคยถูกคอมเมนท์

คอมเมนท์ทรัพยากรรายการนี้
  คอมเมนท์: Barron s IELTS ..


 Copyright 2026. Bcnsprnw @Library